Series of Unfortunate Events Unpleasantries Quiz Stats

Quiz not verified by Sporcle

Challenge
Share
Tweet
Embed
Score 0/78 Timer 12:00
0 Plays Today
% Correct
The Reptile Room
72.7%
The Austere Academy
70.5%
The Austere Academy
68.2%
The Hostile Hospital
68.2%
The Miserable Mill
67%
The Bad Beginning
65.9%
The Wide Window
65.9%
The Hostile Hospital
64.8%
The Ersatz Elevator
63.6%
The Bad Beginning
62.5%
The Austere Academy
62.5%
The Vile Village
62.5%
The Vile Village
61.4%
The Slippery Slope
61.4%
The Grim Grotto
61.4%
The Hostile Hospital
58%
The Austere Academy
56.8%
The Wide Window
56.8%
The Vile Village
56.8%
The Vile Village
56.8%
The Carnivorous Carnival
55.7%
The Ersatz Elevator
55.7%
The Ersatz Elevator
55.7%
The Austere Academy
54.5%
The Austere Academy
54.5%
The Hostile Hospital
54.5%
The Carnivorous Carnival
54.5%
The Slippery Slope
54.5%
The Wide Window
53.4%
The Penultimate Peril
53.4%
The Bad Beginning
52.3%
The Ersatz Elevator
52.3%
The Miserable Mill
50%
The Reptile Room
48.9%
The Miserable Mill
47.7%
The Miserable Mill
46.6%
The Wide Window
45.5%
The Slippery Slope
45.5%
The Vile Village
44.3%
% Correct
The Slippery Slope
42%
The Reptile Room
40.9%
The Miserable Mill
35.2%
The Reptile Room
34.1%
The Austere Academy
34.1%
The Vile Village
34.1%
The Hostile Hospital
34.1%
The Grim Grotto
34.1%
The End
34.1%
The Reptile Room
33%
The End
31.8%
The Bad Beginning
30.7%
The Ersatz Elevator
30.7%
The Slippery Slope
30.7%
The Wide Window
29.5%
The Bad Beginning
28.4%
The Penultimate Peril
27.3%
The Carnivorous Carnival
26.1%
The Penultimate Peril
26.1%
The Carnivorous Carnival
22.7%
The Grim Grotto
22.7%
The Grim Grotto
21.6%
The Penultimate Peril
21.6%
The Reptile Room
19.3%
The Grim Grotto
19.3%
The Carnivorous Carnival
18.2%
The Penultimate Peril
18.2%
The End
18.2%
The End
17%
The Slippery Slope
15.9%
The Ersatz Elevator
14.8%
The Hostile Hospital
12.5%
The Slippery Slope
12.5%
The Miserable Mill
12.5%
The End
9.1%
The Ersatz Elevator
8%
The Wide Window
5.7%
The Penultimate Peril
4.5%
The Slippery Slope
3.4%

You're not logged in!

Compare scores with friends on all Sporcle quizzes.
Join for Free
OR
Log In

You Might Also Like...

Show Comments

Extras

Top Quizzes Today


Score Distribution

Your Account Isn't Verified!

In order to create a playlist on Sporcle, you need to verify the email address you used during registration. Go to your Sporcle Settings to finish the process.

Report this User

Report this user for behavior that violates our Community Guidelines.

Details: